000 03556nam a22003737a 4500
001 104028
003 KnowledgeUnlatched
005 20210303104909.0
006 m o d
007 cr u||||||||||
008 210129p20102020xx o u00| u eng d
037 _5BiblioBoard
245 0 4 _aThe Prague School and Theories of Structure
_bInterfacing Science, Literature, and the Humanities / ACUME 2: Volume 1 /
_cVita Fortunati, Elena Agazzi.
020 _a9783862347049
024 8 _ahttps://doi.org/10.14220/9783862347049
029 1 _ahttps://library.biblioboard.com/ext/api/media/d002e90a-53bd-4cf9-987c-67243b6549c4/assets/thumbnail.jpg
040 _aScCtBLL
_cScCtBLL
506 0 _aAccess copy available to the general public.
_fUnrestricted
_2star
700 1 _aFortunati, Vita
_eeditor.
700 1 _aAgazzi, Elena
_eeditor.
264 1 _bVandenhoeck & Ruprecht,
300 _a1 online resource (1 p.)
520 _aDiese Reihe untersucht Gemeinsamkeiten und Unterschiede von Natur- und Geisteswissenschaftlichen. Das Konzept des »Einflusses« bzw. des »gegenseitigen Einflusses« soll zugunsten eines dynamischeren Konzepts des »Interfacing« (Verbindung/Vernetzung) hinterfragt werden. Ein grundlegender Ausgangspunkt ist die Erkenntnis, dass die beiden Wissenssphären, die geistes- und die naturwissenschaftliche, häufig zur gleichen Zeit neue Untersuchungsmodelle entwickeln und damit auf komplexe wissenschaftliche und kulturelle Phänomene reagieren. Das Konzept des »Interfacing« impliziert eine integrierte Sicht neuer Wissensgebiete in neuen Kontexten. Nicht länger an der traditionellen Vorstellung von »Ursache und Wirkung« gebunden, impliziert der Isomorphismus Gleichzeitigkeit statt Konsequentialität. Nicht immer beeinflusst die eine Sphäre die andere; Isomorphismus impliziert gemeinsame Entdeckungen, durch die beide Bereichen zur gleichen Zeit neue investigative Modelle und Darstellungssysteme entwickeln. Dialog und gegenseitiges Verständnis zwischen den beiden sogenannten »zwei Kulturen« werden so stimuliert. Wichtige Forschungsbereiche sind Interfacing-Modelle und Paradigmen in den Natur- und Geisteswissenschaften, kulturell bedingte Darstellungen von Naturwissenschaft und Technologie, wissenschaftliche Entdeckungen und narrative Diskurse, Lebenserinnerungen von Wissenschaftlerinnen und Wissenschaftlern, das Überschreiten von Grenzen zwischen Natur- und Geisteswissenschaft durch Lernen sowie die Bereicherung der Geisteswissenschaften durch angewandte Naturwissenschaften, einschließlich der Informationstechnologien. Die Reihe umfasst sowohl Monographien als auch Essaysammlungen in englischer, deutscher, französischer und italienischer Sprache. Das Nebeneinander verschiedener Sprachen zeugt von der Intention von Herausgeberschaft und wissenschaftlichem Beirats, ein integriertes Wissen aus europäischer Perspektive herauszubilden.
588 0 _aDescription based on print version record.
590 _aKU Select 2019: HSS Backlist Books
650 7 _aLanguage Arts & Disciplines / Linguistics
_2bisacsh
650 0 _aLanguage arts
655 0 _aElectronic books.
758 _iIs found in:
_aKnowledge Unlatched
_1https://openresearchlibrary.org/module/2774bc74-146a-484f-a7ba-ab1d6a09bbfb
856 4 0 _uhttps://openresearchlibrary.org/content/d002e90a-53bd-4cf9-987c-67243b6549c4
_zView this content on Open Research Library.
_70
999 _c32878
_d32878